Obchod a jeho perspektívy
Identifikovanie, charakteristikaa analýza vybraných aktuálnych procesov a smerov rozvoja obchodu, ktorých poznanie je predpokladom dobrej orientácie v náročnej obchodnej a najmä retailingovej problematike.
Salvato in:
| Autore principale: | |
|---|---|
| Natura: | Capitolo di libro |
| Lingua: | slovacco |
| Soggetti: | |
| Tags: |
Nessun Tag, puoi essere il primo ad aggiungerne!!
|
MARC
| LEADER | 00000naa$a2200000$$$4500 | ||
|---|---|---|---|
| 001 | 0251178 | ||
| 005 | 20240502074029.3 | ||
| 041 | 0 | |a slo | |
| 044 | |a SK | ||
| 245 | 1 | 0 | |a Obchod a jeho perspektívy |c Monika Matušovičová |
| 520 | |a Identifikovanie, charakteristikaa analýza vybraných aktuálnych procesov a smerov rozvoja obchodu, ktorých poznanie je predpokladom dobrej orientácie v náročnej obchodnej a najmä retailingovej problematike. | ||
| 610 | 2 | 0 | |a obchod |
| 610 | 2 | 0 | |a maloobchod |
| 610 | 2 | 0 | |a inovácie technologické |
| 610 | 2 | 0 | |a ekonomika environmentálna |
| 610 | 2 | 0 | |a globalizácia |
| 100 | 1 | |a Matušovičová, Monika, 1967- | |